| 000 | 00437cam a2200193 4500 | ||
|---|---|---|---|
| 001 | D12100 | ||
| 008 | 090401t1956 xxu||||| |||| 00| 0 eng d | ||
| 035 | _a(Sirsi) u1200 | ||
| 041 | _aeng | ||
| 100 | _aBean, Philip R | ||
| 245 | _aRating Valuation practice | ||
| 250 | _a4th | ||
| 260 |
_aLondon _bStevens & Sons _c1956 |
||
| 350 | _a0 | ||
| 520 | _aShelf 151 | ||
| 700 | _aLockwood, Arthur | ||
| 942 | _n0 | ||
| 948 | _c04/03/1997 | ||
| 999 |
_c85643 _d85643 |
||